| 000 | 00609nam a2200241Ia 4500 | ||
|---|---|---|---|
| 003 | OSt | ||
| 005 | 20221005055430.0 | ||
| 006 | a|||||r|||| 00| 0 | ||
| 007 | ta | ||
| 008 | 221004b |||||||| |||| 00| 0 eng d | ||
| 024 | _a52191 | ||
| 037 | _cTextual | ||
| 040 |
_aCRL _cCRL _beng |
||
| 041 |
_2eng _aeng |
||
| 082 | _aR3xm72, L3 | ||
| 100 | _aRussell Bertrand | ||
| 245 | 0 | _aProblems of philosophy | |
| 260 |
_aLondon _bOxford University _c1973 |
||
| 300 |
_a98p _ccm. |
||
| 650 | _aPHILOSOPHY | ||
| 942 |
_hR3xm72, L3 _cTEXL _2cc |
||
| 999 |
_c965118 _d965118 |
||